| 000 | 01313nam a22003617a 4500 | ||
|---|---|---|---|
| 003 | CHAP | ||
| 005 | 20250924101842.0 | ||
| 008 | 971013s1994 r 00010 d | ||
| 010 | _a9802 | ||
| 011 | _a10774 | ||
| 035 | _a10012 | ||
| 040 | _cCHAP | ||
| 090 | _aTesis | ||
| 100 | 1 | 0 |
_aAguilar Pérez, Alejandro _92808 |
| 245 | _aEstudio de factibilidad tecnico-económico de la cración de la línea de derivados lácteos en una empresa pasteurizadora en Aguascalientes, Ags. | ||
| 260 |
_aChapingo, Méx. : _bEl autor, _c1994 |
||
| 300 |
_ac.a. 130 h. _b: ilus |
||
| 502 | _aTesis (Ing. Agroindustrial) -- UACH. Departamento de Ingeniería Agroindustrial | ||
| 590 |
_aALEPH _b10 _c20130110 _lUCH01 _h1225 |
||
| 590 |
_aBATCH-UPD _b10 _c20130110 _lUCH01 _h0056 |
||
| 590 |
_aBATCH-UPD _b10 _c20130110 _lUCH01 _h1346 |
||
| 590 |
_aBATCH-UPD _b10 _c20130409 _lUCH01 _h2044 |
||
| 590 |
_aBATCH-UPD _b10 _c20130410 _lUCH01 _h0845 |
||
| 590 |
_aBATCH-UPD _b10 _c20130914 _lUCH01 _h1103 |
||
| 590 |
_aCONVERSION _b10 _c20130109 _lUCH01 _h1306 |
||
| 650 | 1 | 4 |
_aCrema. _928884 |
| 650 | 1 | 4 |
_aLeche _xPasteurización y esterilización. _965397 |
| 650 | 1 | 4 |
_aProductos lácteos _xMercadeo _xAguascalientes. _992135 |
| 650 | 1 | 4 |
_aYogurt. _9123161 |
| 901 | _aBK | ||
| 942 | _cTESIS | ||
| 949 |
_bBC _cTES _d-21370 _eTS1 _h26583 _i10012 _si |
||
| 999 |
_c9802 _d9802 |
||